| 000 | 00481 a2200169 4500 | ||
|---|---|---|---|
| 003 | NUST | ||
| 005 | 20251021102934.0 | ||
| 040 | _cNust | ||
| 082 | _a621.382,MAK | ||
| 100 |
_aMakhdoom, Capt Imran (TE-37) _9131295 |
||
| 245 |
_aFinger print verification system / _cCapt Imran Makhdoom, Capt Sajid Zaman & Capt Farhan Habib (TE-37) |
||
| 260 |
_aRawalpindi _bMCS _c2004 |
||
| 300 | _axi, 104 p., | ||
| 650 |
_aUG Projects _998716 |
||
| 651 |
_aTE-37 _9131296 |
||
| 942 |
_cPR _2ddc |
||
| 999 |
_c188659 _d188659 |
||